header

Intercultural marriage (Record no. 35845)

MARC details
000 -LEADER
fixed length control field 01211nam a2200325Ia 4500
082 04 - DEWEY DECIMAL CLASSIFICATION NUMBER
Classification number 306.84/5
100 1# - MAIN ENTRY--AUTHOR NAME
Personal name Romano, Dugan.
245 10 - TITLE STATEMENT
Title Intercultural marriage
250 ## - EDITION STATEMENT
Edition statement 3rd ed.
260 ## - PUBLICATION, DISTRIBUTION, ETC. (IMPRINT)
Place of publication Boston, MA :
Name of publisher Intercultural Press,
Year of publication c2008.
300 ## - PHYSICAL DESCRIPTION
Number of Pages xviii, 214 p.
650 #0 - SUBJECT ADDED ENTRY--TOPICAL TERM
Topical Term Intercountry marriage.
Topical Term Intercultural communication.
Topical Term Intermarriage.
856 40 - ELECTRONIC LOCATION AND ACCESS
Uniform Resource Identifier http://site.ebrary.com/lib/rucke/Doc?id=10251430

No items available.

© 2026 Rongo University
Contact us: librarian | system librarian | Rongo university